000 00581nam a2200217Ia 4500
003 OSt
005 20220928144843.0
006 a|||||r|||| 00| 0
007 ta
008 220927b |||||||| |||| 00| 0 eng d
024 _a76426
037 _cTextual
040 _aSDCL
_cSDCL
_beng
041 _2eng
_aeng
082 _aO122,6J33x, L8
100 _aDe Montaigne Michel
_9509969
245 0 _aEssais.Ed by J Carol Chapman and Francois J L Mouret.
260 _c1978
942 _hO122,6J33x, L8
_cTEXL
_2CC
999 _c829969
_d829969